| 000 | 00425nam a2200181Ia 4500 | ||
|---|---|---|---|
| 005 | 20240823013521.0 | ||
| 008 | 240823s9999||||xx |||||||||||||| ||und|| | ||
| 041 | _aENGLISH | ||
| 082 | _A519.72 N2 | ||
| 100 | _aShenoy G V | ||
| 245 | 0 | _aLinear Programming | |
| 250 | _a1st | ||
| 260 |
_c1992 _b"Wiley,New Delhi" |
||
| 500 | _aTransfered | ||
| 650 |
_aLinear Programming _bMathematics |
||
| 942 | _cBK | ||
| 999 |
_c167470 _d167470 |
||